[Event "Titled Tuesday intern op 5th March"]
[Site "Chess.com INT"]
[Date "2019.03.05"]
[Round "3"]
[White "Tapia Ostolaza, Alexei"]
[Black "Peter, Steven"]
[Result "0-1"]
[WhiteElo "2262"]
[BlackElo "2043"]
[PlyCount "114"]
[EventDate "2019.03.05"]
[EventType "swiss (blitz)"]
[EventRounds "10"]
[EventCountry "USA"]
[SourceTitle "EXT 2021"]
[Source "ChessBase"]
[SourceDate "2020.10.23"]
[SourceVersion "1"]
[SourceVersionDate "2020.10.23"]
[SourceQuality "1"]

1. Nf3 d5 2. g3 Nf6 3. Bg2 c5 4. 0-0 e6 5. d4 Nc6 6. c4 dxc4 7. dxc5 Qxd1 8. Rxd1 Bxc5 9. Nbd2 a6 10. Nxc4 Ke7 11. a3 Rd8 12. Bg5 Bd7 13. b4 Ba7 14. Nfe5 Be8 15. Nxc6+ Bxc6 16. Bxc6 bxc6 17. Ne5 Rd6 18. Rxd6 Kxd6 19. Nxf7+ Kc7 20. Bf4+ Kb6 21. Rc1 Nd5 22. Be5 g6 23. Nd6 Bb8 24. Nc4+ Kb5 25. e4 Bxe5 26. Nxe5 Ne7 27. Rc5+ Ka4 28. Nxc6 Nxc6 29. Rxc6 Kxa3 30. Rxe6 Kxb4 31. Rb6+ Kc5 32. Rb1 a5 33. Kf1 a4 34. Ke2 Kd4 35. f3 Kc3 36. Kd1 a3 37. Kc1 a2 38. Ra1 Kb3 39. e5 Rc8+ 40. Kd2 Rc2+ 41. Ke3 Kb2 42. Rxa2+ Kxa2 43. e6 Rc6 44. Kf4 Rxe6 45. Kg5 Re2 46. h4 Kb3 47. Kh6 Re7 48. g4 Kc4 49. Kg5 Kd5 50. Kf6 Ra7 51. f4 Ke4 52. f5 gxf5 53. gxf5 Kf4 54. h5 Ra5 55. h6 Rxf5+ 56. Kg7 Kg5 57. Kxh7 Rf6 0-1

[Event "Olympiad-43"]
[Site "Batumi"]
[Date "2018.10.05"]
[Round "11.4"]
[White "Tapia Ostolaza, Alexei"]
[Black "Hossain, Enamul"]
[Result "1/2-1/2"]
[WhiteElo "2193"]
[BlackElo "2452"]
[PlyCount "109"]
[EventDate "2018.09.24"]
[EventType "team-swiss"]
[EventRounds "11"]
[EventCountry "GEO"]
[SourceTitle "CBM 187"]
[Source "ChessBase"]
[SourceDate "2018.12.11"]
[SourceVersion "1"]
[SourceVersionDate "2018.12.11"]
[SourceQuality "1"]
[WhiteTeam "Panama"]
[BlackTeam "Bangladesh"]
[WhiteTeamCountry "PAN"]
[BlackTeamCountry "BAN"]

1. Nf3 c5 2. c4 g6 3. b3 Bg7 4. Nc3 Nc6 5. Bb2 d6 6. e3 e5 7. d3 Nge7 8. Be2 0-0 9. 0-0 h6 10. Qd2 f5 11. Nd5 Nxd5 12. cxd5 Ne7 13. e4 g5 14. b4 b6 15. Ne1 Qe8 16. a4 a5 17. bxc5 bxc5 18. Bc3 Qg6 19. f3 h5 20. Nc2 g4 21. Rfb1 Bh6 22. Qe1 fxe4 23. fxe4 Qf6 24. Bd2 Bxd2 25. Qxd2 Ng6 26. Rf1 Nf4 27. g3 Nh3+ 28. Kg2 Qg7 29. Rxf8+ Qxf8 30. Rf1 Qg7 31. Ne3 Bd7 32. Nc4 Rf8 33. Bd1 Rxf1 34. Kxf1 Qf6+ 35. Ke1 h4 36. Nxa5 hxg3 37. hxg3 Ng5 38. Qf2 Qh6 39. Nc4 Qh1+ 40. Qf1 Qh2 41. Qf2 Qh1+ 42. Kd2 Nf3+ 43. Bxf3 gxf3 44. a5 Bb5 45. Ke3 Bxc4 46. dxc4 Qc1+ 47. Qd2 Qxc4 48. Kxf3 Kf7 49. Ke3 Qa4 50. Qf2+ Kg7 51. Qf5 Qa3+ 52. Kf2 c4 53. Qd7+ Kg6 54. Qe6+ Kg7 55. Qe7+ 1/2-1/2